Concrete Society (Record no. 119789)

MARC details
000 -LEADER
fixed length control field 00727cam a2200193 4500
001 - CONTROL NUMBER
control field WS110992
008 - FIXED-LENGTH DATA ELEMENTS--GENERAL INFORMATION
fixed length control field 000000n 000 0 eng u
035 ## - SYSTEM CONTROL NUMBER
System control number (Sirsi) u110992
110 ## - MAIN ENTRY--CORPORATE NAME
Corporate name or jurisdiction name as entry element Concrete Society
9 (RLIN) 2612
245 ## - TITLE STATEMENT
Title Concrete Society
520 ## - SUMMARY, ETC.
Summary, etc. Site for this organisation including the Concrete Directory, a searchable list of suppliers of concrete products and services. Also gives links to their journal 'Concrete' and a discussion forum.
650 ## - SUBJECT ADDED ENTRY--TOPICAL TERM
Topical term or geographic name entry element CONCRETE
650 ## - SUBJECT ADDED ENTRY--TOPICAL TERM
Topical term or geographic name entry element CEMENT
650 ## - SUBJECT ADDED ENTRY--TOPICAL TERM
Topical term or geographic name entry element ORGANISATION
650 ## - SUBJECT ADDED ENTRY--TOPICAL TERM
Topical term or geographic name entry element DISCUSSION FORUM
690 ## - LOCAL SUBJECT ADDED ENTRY--TOPICAL TERM (OCLC, RLIN)
Topical term or geographic name as entry element BUILT ENVIRONMENT-BUILDING MATERIALS
856 40 - ELECTRONIC LOCATION AND ACCESS
Uniform Resource Identifier <a href="https://www.concrete.org.uk">https://www.concrete.org.uk</a>
Public note View the website free of charge at www.concrete.org.uk...
942 ## - ADDED ENTRY ELEMENTS (KOHA)
Suppress in OPAC 0
Holdings
Withdrawn status Lost status Source of classification or shelving scheme Damaged status Not for loan Home library Current library Shelving location Date acquired Total Checkouts Full call number Barcode Date last seen Copy number Price effective from Koha item type
    Dewey Decimal Classification     Virtual Virtual Online 19/02/2001   WEB SITE 110992-2001 06/08/2019 1 06/08/2019 Online material